|
|
|
|
| LEADER |
00000nab a2200000 a 4500 |
| 001 |
vtls000861445 |
| 003 |
SK-MaSNL |
| 005 |
20260303174620.0 |
| 008 |
140328c2003 xo 0 slo |
| 015 |
|
|
|a SNBRB2004/02-03816
|
| 035 |
|
|
|a CLN000213040
|
| 040 |
|
|
|a SNKBUCL
|b slo
|c SNKBUCL
|e AACR2
|
| 041 |
0 |
|
|a slo
|
| 044 |
|
|
|a xo
|c SK
|
| 080 |
|
|
|a 7.05:72.012.8:725.23
|2 1997
|
| 080 |
|
|
|a 72.012.8:725.23:7.05
|2 1997
|
| 100 |
1 |
|
|a Petelen, Ivan,
|d 1947-
|4 aut
|9 106421
|
| 245 |
1 |
0 |
|a Pracovný interiér
|c Ivan Petelen ; redakčne spracovala M. Cifrová
|
| 300 |
|
|
|b Fotogr.
|
| 650 |
0 |
7 |
|a kancelárie
|x dizajn interiérový
|2 snkbucl
|9 1202310
|
| 650 |
0 |
7 |
|a interiéry pracovné
|x dizajn
|2 snkbucl
|9 1202311
|
| 650 |
0 |
7 |
|a interiérový dizajn
|2 snkbucl
|9 72714
|
| 655 |
|
7 |
|a články z novín a časopisov
|2 snkbucl
|9 267496
|
| 700 |
1 |
|
|a Cifrová, Martina
|4 com
|9 738003
|
| 773 |
0 |
|
|t ASB
|g Roč. 10, č. 8 (2003), s. 50-51
|x 1335-1230
|
| 850 |
|
|
|a Slovenská národná knižnica v Martine
|
| 852 |
|
|
|a SNK
|b KIS3GCP
|
| 992 |
|
|
|a RBX
|
| 999 |
|
|
|c 2097749
|d 2099679
|